Music Quiz

Random Music or Song Quiz

Can You Name Every 'Brand New' Song? Quiz Stats

 Plays Quiz not verified by Sporcle

Score 0/67 Timer 09:00
0 Plays Today
Hint Answer % Correct
Your Favorite WeaponThe No Seatbelt Song
88.2%
The Devil and God Are Raging Inside MeJesus Christ
88.2%
The Devil and God Are Raging Inside MeLimousine (MS Rebridge)
88.2%
The Devil and God Are Raging Inside MeLuca
88.2%
DaisyGasoline
88.2%
Leaked Demos 2006Luca
88.2%
Your Favorite WeaponSeventy Times 7
82.4%
Deja EntenduTautou
82.4%
Deja EntenduSic Transit Gloria...Glory Fades
82.4%
Deja EntenduPlay Crack the Sky
82.4%
The Devil and God Are Raging Inside MeMillstone
82.4%
The Devil and God Are Raging Inside Me--
82.4%
DaisyAt The Bottom
82.4%
DaisyDaisy
82.4%
Science Fiction137
82.4%
Your Favorite WeaponJude Law and a Semester Abroad
76.5%
Your Favorite WeaponMix Tape
76.5%
Your Favorite WeaponSoco Amaretto Lime
76.5%
Deja EntenduI Will Play My Game Beneath the Spin Light
76.5%
Deja EntenduThe Quiet Things That No One Ever Knows
76.5%
Deja EntenduOkay I Believe You, But My Tommy Gun Don't
76.5%
Deja EntenduMe vs. Maradona vs. Elvis
76.5%
The Devil and God Are Raging Inside MeSowing Season
76.5%
The Devil and God Are Raging Inside MeYou Won't Know
76.5%
The Devil and God Are Raging Inside MeWelcome to Bangkok
76.5%
The Devil and God Are Raging Inside MeNot The Sun
76.5%
The Devil and God Are Raging Inside MeHandcuffs
76.5%
Your Favorite WeaponThe Shower Scene
70.6%
Deja EntenduThe Boy Who Blocked His Own Shot
70.6%
Deja EntenduGuernica
70.6%
The Devil and God Are Raging Inside MeDegausser
70.6%
DaisySink
70.6%
Science FictionLit Me Up
70.6%
Science FictionWaste
70.6%
Hint Answer % Correct
Science FictionOut Of Mana
70.6%
Science FictionDesert
70.6%
Your Favorite WeaponLast Chance to Lose Your Keys
64.7%
Your Favorite WeaponLogan to Government Center
64.7%
Deja EntenduGood to Know That If I Ever Need Attention All I Have to Do Is Die
64.7%
DaisyYou Stole
64.7%
Science FictionCould Never Be Heaven
64.7%
Science FictionIn The Water
64.7%
Science FictionBatter Up
64.7%
Your Favorite WeaponFailure by Design
58.8%
Your Favorite WeaponMagazines
58.8%
Deja EntenduJaws Theme Swimming
58.8%
The Devil and God Are Raging Inside MeThe Archers' Bows Have Broken
58.8%
DaisyVices
58.8%
DaisyBought A Bride
58.8%
DaisyNoro
58.8%
Leaked Demos 20061996
58.8%
Science FictionCan't Get It Out
58.8%
Science Fiction451
58.8%
Your Favorite WeaponSudden Death in Carolina
52.9%
DaisyBed
52.9%
Leaked Demos 2006Missing You
52.9%
Your Favorite WeaponSecondary
47.1%
DaisyIn A Jar
47.1%
Science FictionSame Logic
47.1%
Science FictionNo Control
47.1%
Leaked Demos 2006Brother's Song
41.2%
Leaked Demos 2006Fork And Knife
41.2%
DaisyBe Gone
35.3%
Leaked Demos 2006Battalions
35.3%
Leaked Demos 2006Good Man
29.4%
Leaked Demos 2006Nobody Moves
29.4%
Leaked Demos 2006Yeah
29.4%

You're not logged in!

Compare scores with friends on all Sporcle quizzes.
OR
Log In

Sporcle TV

Today on Sporcle TV


Watch our educational content, quiz creation guides, and fun videos on Sporcle TV.

Show Comments

Extras

Created Aug 27, 2017ReportNominate
Tags:Song Quiz, brand

Top Quizzes Today


Score Distribution

Your Account Isn't Verified!

In order to create a playlist on Sporcle, you need to verify the email address you used during registration. Go to your Sporcle Settings to finish the process.

Report this User

Report this user for behavior that violates our Community Guidelines.

Details: